000 00250nam a22000977a 4500
999 _c11691
_d11691
008 191203b ||||| |||| 00| 0 eng d
020 _a9780736428880
100 _aLagonegro Melissa
_97390
245 _aCinderella
260 _aNew York
_bRandom house
_c2012